| 000 | 00996nam a2200301Ia 4500 | ||
|---|---|---|---|
| 005 | 20220317000241.0 | ||
| 008 | 141031s9999 ck 000 0 spa d | ||
| 020 | _a9786074002935 | ||
| 100 | 1 | _aBradman, Tony | |
| 245 | 1 | 0 |
_aLucas _bser diferente no siempre es fácil.. _cTony Bradman, Tony Ross ; traducción Kunas |
| 250 | _a1a edición | ||
| 300 |
_a28 páginas _bilustraciones en color _c28 cm. |
||
| 534 | _tMichael | ||
| 650 | 1 | 4 |
_2LEMB _aÁlbumes infantiles ingleses |
| 650 | 1 | 4 |
_2LEMB _aEducación de niños _vÁlbumes infantiles |
| 650 | 1 | 4 |
_2LEMB _aActitudes _vÁlbumes infantiles |
| 700 | 1 |
_aRoss, Tony, _d1938- _95053 |
|
| 700 | 1 |
_aKunas _etraductor _911074 |
|
| 700 | 1 |
_aTony, _d1938- _911075 |
|
| 700 | 1 |
_aBradman, Tony Ross _911076 |
|
| 942 |
_2loc _cBKINF |
||
| 264 |
_aMéxico _bOcéano Travesía _c2010 |
||
| 336 |
_atexto _btxt _2rdacontent |
||
| 337 |
_asin mediación _bn _2rdamedia |
||
| 338 |
_avolumen _bnc _2rdacarrier |
||
| 040 |
_aCO-BoRNBP _bspa _erda _cCO-BoRNBP |
||
| 084 | _aA BRA3 | ||
| 999 |
_c3520 _d3520 |
||